书目信息 |
| 题名: |
Link Server及其在AO中的应用
|
|
| 作者: | 本书编写组编著 | |
| 分册: | ||
| 出版信息: | 北京 中国时代经济出版社 2012 |
|
| 页数: | 377页 | |
| 开本: | 26cm | |
| 丛书名: | 审计署计算机审计中级培训后续课程丛书 | |
| 单 册: | ||
| 中图分类: | TP368.5 , F239.1 | |
| 科图分类: | ||
| 主题词: | 数据库服务器--基本知识 , 计算机应用--审计 , 数据库服务器 , 计算机应用 , 审计 | |
| 电子资源: | ||
| ISBN: | 978-7-5119-1121-6 | |
| 000 | 01029oam2 2200289 450 | |
| 001 | 2367100460 | |
| 005 | 20231129183839.83 | |
| 010 | @a978-7-5119-1121-6@dCNY72.00 | |
| 100 | @a20121107d2012 em y0chiy50 ea | |
| 101 | 0 | @achi |
| 102 | @aCN@b110000 | |
| 105 | @ay z 000yy | |
| 200 | 1 | @aLink Server及其在AO中的应用@ALink Server ji qi zai AO zhong de ying yong@f本书编写组编著 |
| 210 | @a北京@c中国时代经济出版社@d2012 | |
| 215 | @a377页@d26cm | |
| 225 | 1 | @a审计署计算机审计中级培训后续课程丛书 |
| 330 | @a本书介绍了Link Server的基本原理、AO2011相关功能、运行所需软硬件环境、SQL Server 2008 R2 Express和AO2011的安装、Link Server的应用、AO2011的“连接大型数据库”,以及大型数据库服务器的搭建等内容。 | |
| 461 | 0 | @12001 @a审计署计算机审计中级培训后续课程丛书 |
| 606 | 0 | @a数据库服务器@x基本知识 |
| 606 | 0 | @a计算机应用@x审计 |
| 606 | 0 | @a数据库服务器 |
| 606 | 0 | @a计算机应用 |
| 606 | 0 | @a审计 |
| 690 | @aTP368.5@v5 | |
| 690 | @aF239.1@v5 | |
| 801 | 0 | @aCN@b山东中教@c20231126 |
| 905 | @aBZT@dTP368.5@e14 | |
| Link Server及其在AO中的应用/本书编写组编著.-北京:中国时代经济出版社,2012 |
| 377页;26cm.-(审计署计算机审计中级培训后续课程丛书) |
| ISBN 978-7-5119-1121-6:CNY72.00 |
| 本书介绍了Link Server的基本原理、AO2011相关功能、运行所需软硬件环境、SQL Server 2008 R2 Express和AO2011的安装、Link Server的应用、AO2011的“连接大型数据库”,以及大型数据库服务器的搭建等内容。 |
| ● |
| 相关链接 |
|
|
|
正题名:Link Server及其在AO中的应用
索取号:TP368.5/14
 
预约/预借
| 序号 | 登录号 | 条形码 | 馆藏地/架位号 | 状态 | 备注 |
| 1 | 2001156695 | 2001156695 | 中教(第二批第二书库)/山东中教(第二批)/1345/ [索取号:TP368.5/14] | 在馆 | |
| 2 | 2001156696 | 2001156696 | 中教(第二批第二书库)/山东中教(第二批)/1345/ [索取号:TP368.5/14] | 在馆 | |
| 3 | 2001156697 | 2001156697 | 中教(第二批第二书库)/山东中教(第二批)/1345/ [索取号:TP368.5/14] | 在馆 | |
| 4 | 2001156698 | 2001156698 | 中教(第二批第二书库)/山东中教(第二批)/1345/ [索取号:TP368.5/14] | 在馆 | |
| 5 | 2001156699 | 2001156699 | 中教(第二批第二书库)/山东中教(第二批)/1345/ [索取号:TP368.5/14] | 在馆 | |
| 6 | 2001156700 | 2001156700 | 中教(第二批第二书库)/山东中教(第二批)/1345/ [索取号:TP368.5/14] | 在馆 | |
| 7 | 2001156701 | 2001156701 | 中教(第二批第二书库)/山东中教(第二批)/1345/ [索取号:TP368.5/14] | 在馆 | |
| 8 | 2001156702 | 2001156702 | 中教(第二批第二书库)/山东中教(第二批)/1345/ [索取号:TP368.5/14] | 在馆 | |
| 9 | 2001156703 | 2001156703 | 中教(第二批第二书库)/山东中教(第二批)/1345/ [索取号:TP368.5/14] | 在馆 | |
| 10 | 2001156704 | 2001156704 | 中教(第二批第二书库)/山东中教(第二批)/1345/ [索取号:TP368.5/14] | 在馆 | |
| 11 | 2001156705 | 2001156705 | 中教(第二批第二书库)/山东中教(第二批)/1345/ [索取号:TP368.5/14] | 在馆 | |
| 12 | 2001156706 | 2001156706 | 中教(第二批第二书库)/山东中教(第二批)/1345/ [索取号:TP368.5/14] | 在馆 | |
| 13 | 2001156707 | 2001156707 | 中教(第二批第二书库)/山东中教(第二批)/1345/ [索取号:TP368.5/14] | 在馆 | |
| 14 | 2001156708 | 2001156708 | 中教(第二批第二书库)/山东中教(第二批)/1345/ [索取号:TP368.5/14] | 在馆 | |
| 15 | 2001156709 | 2001156709 | 中教(第二批第二书库)/山东中教(第二批)/1345/ [索取号:TP368.5/14] | 在馆 | |
| 16 | 2001156710 | 2001156710 | 中教(第二批第二书库)/山东中教(第二批)/1345/ [索取号:TP368.5/14] | 在馆 | |
| 17 | 2001156711 | 2001156711 | 中教(第二批第二书库)/山东中教(第二批)/1345/ [索取号:TP368.5/14] | 在馆 | |
| 18 | 2001156712 | 2001156712 | 中教(第二批第二书库)/山东中教(第二批)/1345/ [索取号:TP368.5/14] | 在馆 | |
| 19 | 2001156713 | 2001156713 | 中教(第二批第二书库)/山东中教(第二批)/1345/ [索取号:TP368.5/14] | 在馆 | |
| 20 | 2001156714 | 2001156714 | 中教(第二批第二书库)/山东中教(第二批)/1345/ [索取号:TP368.5/14] | 在馆 | |
| 21 | 2001156715 | 2001156715 | 中教(第二批第二书库)/山东中教(第二批)/1345/ [索取号:TP368.5/14] | 在馆 | |
| 22 | 2001156716 | 2001156716 | 中教(第二批第二书库)/山东中教(第二批)/1345/ [索取号:TP368.5/14] | 在馆 | |
| 23 | 2001156717 | 2001156717 | 中教(第二批第二书库)/山东中教(第二批)/1345/ [索取号:TP368.5/14] | 在馆 | |
| 24 | 2001156718 | 2001156718 | 中教(第二批第二书库)/山东中教(第二批)/1345/ [索取号:TP368.5/14] | 在馆 | |
| 25 | 2001156719 | 2001156719 | 中教(第二批第二书库)/山东中教(第二批)/1345/ [索取号:TP368.5/14] | 在馆 | |
| 26 | 2001156720 | 2001156720 | 中教(第二批第二书库)/山东中教(第二批)/1345/ [索取号:TP368.5/14] | 在馆 | |
| 27 | 2001156721 | 2001156721 | 中教(第二批第二书库)/山东中教(第二批)/1345/ [索取号:TP368.5/14] | 在馆 | |
| 28 | 2001156722 | 2001156722 | 中教(第二批第二书库)/山东中教(第二批)/1345/ [索取号:TP368.5/14] | 在馆 | |
| 29 | 2001156723 | 2001156723 | 中教(第二批第二书库)/山东中教(第二批)/1345/ [索取号:TP368.5/14] | 在馆 | |
| 30 | 2001156724 | 2001156724 | 中教(第二批第二书库)/山东中教(第二批)/1345/ [索取号:TP368.5/14] | 在馆 |